| 000 | 00889nam a22002177a 4500 | ||
|---|---|---|---|
| 005 | 20080620161058.0 | ||
| 008 | 080620t xxu||||| |||| 00| 0 hin d | ||
| 010 | _aHIN-45931 | ||
| 020 | _c60.00 | ||
| 035 | _aHN-27279 | ||
| 037 | _bDBAD | ||
| 040 |
_adpl _bHN |
||
| 082 | _a005 / चौबेसं | ||
| 100 | _aचौबे, संतोष | ||
| 245 |
_aकम्प्यूटर एक परिचय / _cसंतोष चौबे आदि |
||
| 250 | _a9वा संस्क | ||
| 260 |
_aभोपाल _bमध्यप्रदेश हिन्दी ग्रंथ अकादमी _c1998 |
||
| 300 |
_a178पृ. _c22सेमी |
||
| 942 |
_cHN _2ddc _h005 _mचौबेसं |
||
| 999 |
_c13818 _d13818 |
||